[Event "World-chT Rapid"]
[Site "Dusseldorf"]
[Date "2023.08.28"]
[Round "10"]
[White "Iashvili, Akaki"]
[Black "Runte, Moritz"]
[Result "1/2-1/2"]
[WhiteElo "2342"]
[BlackElo "2185"]
[PlyCount "110"]
[EventDate "2023.08.26"]
[EventType "team-swiss (rapid)"]
[EventRounds "12"]
[EventCountry "GER"]
[SourceTitle "CBM 215 Extra"]
[Source "ChessBase"]
[SourceDate "2023.09.30"]
[SourceVersion "1"]
[SourceVersionDate "2023.09.30"]
[SourceQuality "1"]
[WhiteTeam "FIDE Management Board"]
[BlackTeam "Hemer"]
[BlackTeamCountry "GER"]

1. d4 d5 2. c4 c6 3. Nf3 Nf6 4. Nc3 e6 5. Bg5 Nbd7 6. e3 Qa5 7. Nd2 dxc4 8. Bxf6 Nxf6 9. Nxc4 Qd8 10. g3 Be7 11. Bg2 0-0 12. 0-0 Qc7 13. Rc1 Rd8 14. Qe2 Nd5 15. Rfd1 Bd7 16. e4 Nxc3 17. Rxc3 b5 18. Ne3 Qa5 19. a3 b4 20. axb4 Bxb4 21. Rc2 c5 22. Nc4 Qa6 23. d5 Bb5 24. b3 exd5 25. exd5 Re8 26. Qg4 Rad8 27. h4 Qg6 28. Qxg6 hxg6 29. Bf3 a5 30. Ra1 Re1+ 31. Rxe1 Bxe1 32. Ne5 Bb4 33. Nc6 Rd6 34. Nxb4 cxb4 35. Rc8+ Kh7 36. Ra8 a4 37. bxa4 Bc4 38. Rb8 Bxd5 39. Bxd5 Rxd5 40. Rxb4 Rd1+ 41. Kg2 Ra1 42. Kf3 Ra2 43. Ke3 Kh6 44. g4 g5 45. h5 g6 46. hxg6 Kxg6 47. f4 Ra3+ 48. Ke4 gxf4 49. Kxf4 f6 50. Ke4 Kg5 51. Kd5 Rc3 52. a5 Ra3 53. Rb5 Kxg4 54. Kc6 f5 55. Kb6 f4 1/2-1/2

[Event "Dortmund NRW Cup U20"]
[Site "Dortmund"]
[Date "2021.07.18"]
[Round "9"]
[White "Runte, Moritz"]
[Black "Deuer, Marius"]
[Result "1/2-1/2"]
[WhiteElo "2133"]
[BlackElo "2193"]
[PlyCount "92"]
[EventDate "2021.07.13"]
[EventType "tourn"]
[EventRounds "9"]
[EventCountry "GER"]
[EventCategory "5"]
[SourceTitle "CBM 203 Extra"]
[Source "ChessBase"]
[SourceDate "2021.09.30"]
[SourceVersion "1"]
[SourceVersionDate "2021.09.30"]
[SourceQuality "1"]

1. e4 c5 2. Nf3 Nc6 3. d4 cxd4 4. Nxd4 Nf6 5. Nc3 d6 6. Bg5 e6 7. Qd2 a6 8. 0-0-0 Bd7 9. f3 Be7 10. Be3 h5 11. Be2 b5 12. a3 Rc8 13. Nxc6 Bxc6 14. Bg5 0-0 15. h4 Qc7 16. Kb1 Rfd8 17. Bd3 Qb7 18. g4 Rb8 19. gxh5 Nxh5 20. Bxe7 Qxe7 21. Rdg1 Qf6 22. Qg5 Qxg5 23. hxg5 g6 24. Rh4 e5 25. Rgh1 Kf8 26. Ne2 d5 27. Kc1 Ke7 28. exd5 Bxd5 29. Re1 Kd6 30. Be4 Bc4 31. f4 Re8 32. f5 Bxe2 33. Rxe2 Nf4 34. Rd2+ Ke7 35. fxg6 fxg6 36. Rh7+ Ke6 37. Rg7 Rg8 38. Rdd7 Rxg7 39. Rxg7 Rd8 40. c3 Rd7 41. Rg8 Kf7 42. Ra8 Rd6 43. Ra7+ Kf8 44. Ra8+ Kf7 45. Ra7+ Kf8 46. Ra8+ Kf7 1/2-1/2

[Event "Dortmund NRW Cup U20"]
[Site "Dortmund"]
[Date "2021.07.15"]
[Round "4"]
[White "Runte, Moritz"]
[Black "Beerdsen, Thomas"]
[Result "0-1"]
[WhiteElo "2133"]
[BlackElo "2453"]
[PlyCount "68"]
[EventDate "2021.07.13"]
[EventType "tourn"]
[EventRounds "9"]
[EventCountry "GER"]
[EventCategory "5"]
[SourceTitle "CBM 203 Extra"]
[Source "ChessBase"]
[SourceDate "2021.09.30"]
[SourceVersion "1"]
[SourceVersionDate "2021.09.30"]
[SourceQuality "1"]

1. e4 c5 2. Nf3 d6 3. Bb5+ Nd7 4. 0-0 a6 5. Bd3 Ngf6 6. c3 b5 7. a4 c4 8. Be2 Bb7 9. axb5 axb5 10. Rxa8 Bxa8 11. Na3 Qb6 12. d3 cxd3 13. Bxd3 Bxe4 14. Bxe4 Nxe4 15. Qd5 Nef6 16. Qa8+ Qb8 17. Qc6 Qb6 18. Qc8+ Qd8 19. Qxd8+ Kxd8 20. Nxb5 e6 21. Rd1 Ne4 22. Bf4 d5 23. Ra1 f6 24. Nfd4 e5 25. Ra8+ Ke7 26. Nc6+ Kf7 27. Be3 Rg8 28. Rd8 Ke6 29. f3 Nec5 30. b4 Nb7 31. Re8+ Kf7 32. Ra8 Bc5 33. Nd6+ Nxd6 34. Nd8+ Rxd8 0-1

[Event "Dortmund NRW Cup U20"]
[Site "Dortmund"]
[Date "2021.07.15"]
[Round "5"]
[White "Sreyas, Payyappat"]
[Black "Runte, Moritz"]
[Result "1/2-1/2"]
[WhiteElo "2287"]
[BlackElo "2133"]
[PlyCount "110"]
[EventDate "2021.07.13"]
[EventType "tourn"]
[EventRounds "9"]
[EventCountry "GER"]
[EventCategory "5"]
[SourceTitle "CBM 203 Extra"]
[Source "ChessBase"]
[SourceDate "2021.09.30"]
[SourceVersion "1"]
[SourceVersionDate "2021.09.30"]
[SourceQuality "1"]

1. e4 e5 2. Nf3 Nc6 3. Bc4 Nf6 4. d4 exd4 5. e5 d5 6. Bb5 Ne4 7. Nxd4 Bc5 8. Be3 0-0 9. Nxc6 bxc6 10. Bxc5 Nxc5 11. Bxc6 Rb8 12. Qxd5 Qe7 13. 0-0 Rd8 14. Qf3 Ne6 15. Qa3 Qg5 16. Qg3 Qxg3 17. hxg3 Rxb2 18. Na3 Nd4 19. Bf3 Be6 20. Rfb1 Rxa2 21. Rxa2 Bxa2 22. Rb2 Nxf3+ 23. gxf3 Bd5 24. Kg2 g5 25. g4 Re8 26. Rb5 c6 27. Ra5 Rxe5 28. Nc4 Re7 29. Ne3 f6 30. Rc5 Kf7 31. c4 Be6 32. Rxc6 Rb7 33. Kg3 a5 34. Ra6 Rc7 35. Rxa5 Bxc4 36. Nf5 Be6 37. Nd6+ Ke7 38. Ne4 Bd7 39. Ra6 Bc6 40. Nd2 Bd5 41. Ra5 Be6 42. Ra8 Kf7 43. Ne4 Rd7 44. Rb8 Bd5 45. Nd2 Be6 46. Nf1 f5 47. gxf5 Bxf5 48. Ne3 Be6 49. Ng4 Bxg4 50. Kxg4 h6 51. Kh5 Kg7 52. Rb6 Rf7 53. Rg6+ Kf8 54. Kxh6 Rxf3 55. Kxg5 Rxf2 1/2-1/2

[Event "GER-chT Christmas U20"]
[Site "Playchess.com INT"]
[Date "2020.12.29"]
[Round "2.1"]
[White "Reuker, Jari"]
[Black "Runte, Moritz"]
[Result "1-0"]
[WhiteElo "2423"]
[BlackElo "2133"]
[PlyCount "117"]
[EventDate "2020.12.29"]
[EventType "team-swiss (blitz)"]
[EventRounds "7"]
[EventCountry "GER"]
[SourceTitle "CBM 200 Extra"]
[Source "ChessBase"]
[SourceDate "2021.03.31"]
[SourceVersion "1"]
[SourceVersionDate "2021.03.31"]
[SourceQuality "1"]
[WhiteTeam "Werder Bremen"]
[BlackTeam "Hemer"]
[WhiteTeamCountry "GER"]
[BlackTeamCountry "GER"]

1. c4 c6 2. Nf3 d5 3. g3 g6 4. Bg2 Bg7 5. 0-0 e5 6. d3 Ne7 7. Nbd2 0-0 8. Rb1 f5 9. b4 e4 10. Ne1 Nd7 11. Qb3 Ne5 12. cxd5 cxd5 13. dxe4 Be6 14. Bb2 Qd7 15. Bxe5 Bxe5 16. Nd3 Bd4 17. exf5 Nxf5 18. Nf3 Rac8 19. Nxd4 Nxd4 20. Qb2 Qg7 21. Nc5 Bf7 22. Rfd1 Nb5 23. Qxg7+ Kxg7 24. Rd2 b6 25. Nb3 Rfd8 26. e3 Rc4 27. Nd4 Nc3 28. Rb3 Rdc8 29. Bh3 R8c7 30. Bf1 Ne4 31. Rd1 Rc1 32. Rb1 Rxb1 33. Rxb1 Nd2 34. Rd1 Nxf1 35. Kxf1 Rc4 36. b5 Be8 37. Ke2 Rb4 38. Rc1 Bxb5+ 39. Nxb5 Rxb5 40. Rc7+ Kh6 41. Rxa7 Rb2+ 42. Kf3 b5 43. Rb7 b4 44. h4 g5 45. hxg5+ Kxg5 46. Rb5 Rxa2 47. Rxb4 Rd2 48. Rd4 Rxd4 49. exd4 h5 50. Kg2 Kg6 51. f3 Kf5 52. Kh3 Kg5 53. Kg2 Kf5 54. Kf2 Ke6 55. Ke3 Kf5 56. Kd3 Kg5 57. Kc3 Kf6 58. Kb4 Ke6 59. Kc5 1-0

[Event "DSOL 01 Liga Gr-D 1st"]
[Site "Playchess.com INT"]
[Date "2020.07.17"]
[Round "4.1"]
[White "Runte, Moritz"]
[Black "Svane, Frederik"]
[Result "1/2-1/2"]
[WhiteElo "2093"]
[BlackElo "2414"]
[PlyCount "75"]
[EventDate "2020.06.22"]
[EventType "team-tourn (rapid)"]
[EventCountry "GER"]
[SourceTitle "EXT 2021"]
[Source "ChessBase"]
[SourceDate "2020.10.23"]
[SourceVersion "1"]
[SourceVersionDate "2020.10.23"]
[SourceQuality "1"]
[WhiteTeam "Hemer"]
[BlackTeam "Luebeck SV"]
[WhiteTeamCountry "GER"]
[BlackTeamCountry "GER"]

1. e4 c5 2. Nf3 e6 3. d4 cxd4 4. Nxd4 a6 5. c4 Nf6 6. Nc3 Qc7 7. Bd3 Nc6 8. Nxc6 dxc6 9. 0-0 e5 10. f4 Bd6 11. f5 Bc5+ 12. Kh1 b5 13. a3 Bb7 14. Qf3 Rd8 15. Bg5 0-0 16. Rac1 Rd7 17. Rfd1 bxc4 18. Bxc4 Rfd8 19. Rxd7 Rxd7 20. b4 Bd4 21. Bxf6 gxf6 22. Ne2 Bb6 23. Ng3 Qd6 24. Nh5 Kf8 25. Qg4 Be3 26. Qg7+ Ke7 27. Qxf7+ Kd8 28. Qg8+ Kc7 29. Rf1 Kb6 30. Qe6 Bg5 31. h3 Qd4 32. Bd5 Kc7 33. h4 Bxh4 34. Rc1 Rd6 35. Qe7+ Rd7 36. Qe6 Rd6 37. Qe7+ Rd7 38. Qe6 1/2-1/2

[Event "Dortmund NRW Cup U20"]
[Site "Dortmund"]
[Date "2019.07.15"]
[Round "3"]
[White "Seref, Erdogan"]
[Black "Runte, Moritz"]
[Result "1/2-1/2"]
[WhiteElo "1989"]
[BlackElo "2094"]
[PlyCount "66"]
[EventDate "2019.07.13"]
[EventType "tourn"]
[EventRounds "9"]
[EventCountry "GER"]
[SourceTitle "CBM 191 Extra"]
[Source "ChessBase"]
[SourceDate "2019.09.30"]
[SourceVersion "1"]
[SourceVersionDate "2019.09.30"]
[SourceQuality "1"]

1. c4 e5 2. g3 Nf6 3. Bg2 h6 4. Nc3 Bb4 5. Nf3 e4 6. Nd4 Bxc3 7. bxc3 0-0 8. Ba3 Re8 9. 0-0 d6 10. Rb1 b6 11. Nc2 Bb7 12. Ne3 Nc6 13. d4 exd3 14. exd3 Rb8 15. Qc2 Ne5 16. Bxb7 Rxb7 17. d4 Nf3+ 18. Kg2 Ng5 19. Nf5 Qd7 20. h4 Nge4 21. Ne3 Rbb8 22. Rbe1 Ng4 23. Nxg4 Qxg4 24. Bc1 Nf6 25. f3 Qd7 26. Bd2 a5 27. Qb1 Qc6 28. Qb5 Qxb5 29. cxb5 Kf8 30. a4 Rxe1 31. Rxe1 Re8 32. Rxe8+ Kxe8 33. c4 Kd7 1/2-1/2

[Event "GER-ch U18"]
[Site "Willingen"]
[Date "2019.06.11"]
[Round "4"]
[White "Runte, Moritz"]
[Black "Goldbeck, Lars"]
[Result "1/2-1/2"]
[WhiteElo "2096"]
[BlackElo "2199"]
[PlyCount "43"]
[EventDate "2019.06.09"]
[EventType "swiss"]
[EventRounds "9"]
[EventCountry "GER"]
[SourceTitle "CBM 190 Extra"]
[Source "ChessBase"]
[SourceDate "2019.07.15"]
[SourceVersion "1"]
[SourceVersionDate "2019.07.15"]
[SourceQuality "1"]

1. e4 c5 2. Nf3 d6 3. d4 Nf6 4. Nc3 cxd4 5. Nxd4 a6 6. Be2 e5 7. Nf3 Be7 8. Bg5 Nbd7 9. a4 h6 10. Be3 0-0 11. Nd2 b6 12. Nc4 Qc7 13. 0-0 Bb7 14. f3 Rac8 15. Qd2 Rfd8 16. Rfd1 Nc5 17. a5 b5 18. Nb6 Rb8 19. b4 Ncd7 20. Bxb5 axb5 21. Nxb5 Qc6 22. Na7 1/2-1/2

[Event "GER-ch U18"]
[Site "Willingen"]
[Date "2019.06.10"]
[Round "3"]
[White "Runte, Moritz"]
[Black "Martin, Julian"]
[Result "1/2-1/2"]
[WhiteElo "2096"]
[BlackElo "2370"]
[PlyCount "76"]
[EventDate "2019.06.09"]
[EventType "swiss"]
[EventRounds "9"]
[EventCountry "GER"]
[SourceTitle "CBM 190 Extra"]
[Source "ChessBase"]
[SourceDate "2019.07.15"]
[SourceVersion "1"]
[SourceVersionDate "2019.07.15"]
[SourceQuality "1"]

1. e4 c5 2. Nf3 d6 3. d4 cxd4 4. Nxd4 Nf6 5. Nc3 e5 6. Nde2 Be7 7. g3 Be6 8. Bg2 Nc6 9. 0-0 0-0 10. h3 Qd7 11. Kh2 Ne8 12. g4 Nc7 13. Ng3 Bc4 14. Re1 Bh4 15. Nd5 Bxg3+ 16. fxg3 Ne7 17. Nxc7 Qxc7 18. b3 Be6 19. Re3 b5 20. Rd3 Nc6 21. c3 a5 22. Ba3 b4 23. Bb2 Rfd8 24. Rc1 Qb6 25. Rc2 a4 26. c4 Na5 27. Rcd2 Nb7 28. g5 Ra5 29. h4 Qc7 30. Bh3 Bxh3 31. Kxh3 Qc6 32. Rd5 Rxd5 33. Rxd5 Nc5 34. Bxe5 Nxe4 35. Qf3 Re8 36. Qxe4 dxe5 37. bxa4 Qxa4 38. Rxe5 Qd7+ 1/2-1/2

[Event "GER-ch U18"]
[Site "Willingen"]
[Date "2019.06.09"]
[Round "2"]
[White "Schneider, Jana"]
[Black "Runte, Moritz"]
[Result "1/2-1/2"]
[WhiteElo "2235"]
[BlackElo "2096"]
[PlyCount "61"]
[EventDate "2019.06.09"]
[EventType "swiss"]
[EventRounds "9"]
[EventCountry "GER"]
[SourceTitle "CBM 190 Extra"]
[Source "ChessBase"]
[SourceDate "2019.07.15"]
[SourceVersion "1"]
[SourceVersionDate "2019.07.15"]
[SourceQuality "1"]

1. e4 e5 2. Nf3 Nc6 3. d4 exd4 4. Nxd4 Nf6 5. Nc3 Bb4 6. Nxc6 bxc6 7. Bd3 d5 8. exd5 0-0 9. 0-0 cxd5 10. h3 c6 11. Qf3 Bd6 12. Re1 Rb8 13. b3 Re8 14. Bf4 Be6 15. Rad1 Bxf4 16. Qxf4 Qa5 17. Qg3 Bd7 18. Rxe8+ Rxe8 19. a4 g6 20. Ne2 Ne4 21. Bxe4 Rxe4 22. Nd4 Re1+ 23. Rxe1 Qxe1+ 24. Kh2 c5 25. Nf3 Qe4 26. Qd6 Bf5 27. Ng5 Qd4 28. Nf3 Qxf2 29. Qb8+ Kg7 30. Qe5+ Kg8 31. Qb8+ 1/2-1/2

[Event "GER-chT U16"]
[Site "Aurich"]
[Date "2018.12.29"]
[Round "6.1"]
[White "Runte, Moritz"]
[Black "Bethke, Richard"]
[Result "0-1"]
[WhiteElo "1963"]
[BlackElo "2219"]
[PlyCount "76"]
[EventDate "2018.12.27"]
[EventType "team-swiss"]
[EventRounds "7"]
[EventCountry "GER"]
[SourceTitle "CBM 188 Extra"]
[Source "ChessBase"]
[SourceDate "2019.02.26"]
[SourceVersion "1"]
[SourceVersionDate "2019.02.26"]
[SourceQuality "1"]
[WhiteTeam "Hemer"]
[BlackTeam "Neuberg"]
[WhiteTeamCountry "GER"]
[BlackTeamCountry "GER"]

1. d4 Nf6 2. Bf4 d5 3. e3 e6 4. Nf3 c5 5. c3 Nc6 6. Nbd2 Bd6 7. Bg3 0-0 8. Bd3 b6 9. 0-0 Bxg3 10. hxg3 Ne7 11. e4 Bb7 12. e5 Ne4 13. Qe2 Nxd2 14. Qxd2 a5 15. Rfe1 Ba6 16. Bc2 Rc8 17. Kh2 cxd4 18. cxd4 Rc6 19. Rad1 Qc7 20. Bb1 Rc8 21. Qf4 f5 22. Qg5 Rf8 23. Rc1 Rxc1 24. Rxc1 Qd7 25. Qh4 Be2 26. Ng1 Ba6 27. Nf3 h6 28. Qf4 Rc8 29. Qd2 Rxc1 30. Qxc1 Qc6 31. Qd2 Qc4 32. Qc2 Qxc2 33. Bxc2 Nc6 34. Bd1 g5 35. a3 g4 36. Nd2 Nxd4 37. f3 Be2 38. Bxe2 Nxe2 0-1

[Event "GER-chT U16"]
[Site "Walldorf"]
[Date "2017.12.29"]
[Round "5.1"]
[White "Runte, Moritz"]
[Black "Browning, Alex"]
[Result "0-1"]
[WhiteElo "1923"]
[BlackElo "2134"]
[PlyCount "60"]
[EventDate "2017.12.26"]
[EventType "team-swiss"]
[EventRounds "7"]
[EventCountry "GER"]
[SourceTitle "CBM 182 Extra"]
[Source "ChessBase"]
[SourceDate "2018.02.23"]
[SourceVersion "1"]
[SourceVersionDate "2018.02.23"]
[SourceQuality "1"]
[WhiteTeam "Hemer"]
[BlackTeam "Halver Schalksmuehle"]
[WhiteTeamCountry "GER"]
[BlackTeamCountry "GER"]

1. e4 c5 2. Nf3 d6 3. Bb5+ Nd7 4. 0-0 a6 5. Bd3 Ngf6 6. Re1 g6 7. c3 Bg7 8. Bc2 0-0 9. d4 e5 10. a4 Qc7 11. Na3 Rb8 12. Qd3 d5 13. Nxe5 dxe4 14. Qe2 cxd4 15. cxd4 Nxe5 16. Bf4 Nf3+ 17. Qxf3 Qb6 18. Bxe4 Bg4 19. Qg3 Rbc8 20. Be5 Nxe4 21. Rxe4 Qxb2 22. Ree1 Bxe5 23. Qxe5 Bf5 24. Qe7 Qxd4 25. Qxb7 Qxa4 26. Re3 Rfd8 27. Rae1 Rd1 28. Qe7 Rcc1 29. Kf1 Rxe1+ 30. Rxe1 Bd3+ 0-1

[Event "Dortmund Sparkassen op-A 45th"]
[Site "Dortmund"]
[Date "2017.07.16"]
[Round "2"]
[White "Runte, Moritz"]
[Black "Koellner, Christoph"]
[Result "1/2-1/2"]
[WhiteElo "1862"]
[BlackElo "2131"]
[PlyCount "35"]
[EventDate "2017.07.15"]
[EventType "swiss"]
[EventRounds "9"]
[EventCountry "GER"]
[SourceTitle "CBM 179 Extra"]
[Source "ChessBase"]
[SourceDate "2017.08.23"]
[SourceVersion "1"]
[SourceVersionDate "2017.08.23"]
[SourceQuality "1"]

1. e4 d6 2. d4 Nf6 3. Nc3 e5 4. Nf3 Nbd7 5. Bc4 Be7 6. 0-0 c6 7. a4 Qc7 8. h3 h6 9. Re1 Nf8 10. Qd3 g5 11. Bb3 Ne6 12. Be3 Rg8 13. Rad1 Nh5 14. d5 Nef4 15. Qc4 g4 16. Nxe5 Bf6 17. Nb5 Qe7 18. Nxc6 1/2-1/2

[Event "Dortmund Sparkassen op-B 44th"]
[Site "Dortmund"]
[Date "2016.07.17"]
[Round "9"]
[White "Runte, Moritz"]
[Black "Raskin, Vitaly"]
[Result "1-0"]
[WhiteElo "1780"]
[BlackElo "1676"]
[PlyCount "67"]
[EventDate "2016.07.09"]
[EventType "swiss"]
[EventRounds "9"]
[EventCountry "GER"]
[SourceTitle "CBM 173 Extra"]
[Source "ChessBase"]
[SourceDate "2016.08.29"]
[SourceVersion "1"]
[SourceVersionDate "2016.08.29"]
[SourceQuality "1"]

1. e4 e5 2. Nf3 Nc6 3. Bc4 d6 4. d4 exd4 5. Nxd4 Ne5 6. Be2 Nf6 7. Nc3 Be7 8. 0-0 0-0 9. f4 Ng6 10. Bf3 c6 11. Be3 Re8 12. Qd2 Bf8 13. Rad1 Nh4 14. e5 Nxf3+ 15. Rxf3 dxe5 16. fxe5 Rxe5 17. Bg5 Bg4 18. Bxf6 gxf6 19. Rg3 Rg5 20. Rf1 Bc5 21. Rf4 Be6 22. Nce2 Bd6 23. Rxg5+ fxg5 24. Re4 Bd5 25. Re8+ Qxe8 26. Qxg5+ Kf8 27. Qh6+ Ke7 28. Nf5+ Kd7 29. Qxd6+ Kc8 30. Ne7+ Qxe7 31. Qxe7 b6 32. Nd4 a5 33. Nf5 Kb8 34. Nd6 1-0

[Event "Dortmund Sparkassen op-B 44th"]
[Site "Dortmund"]
[Date "2016.07.13"]
[Round "5"]
[White "Runte, Moritz"]
[Black "Ophuels, Jan"]
[Result "1/2-1/2"]
[WhiteElo "1780"]
[BlackElo "1932"]
[PlyCount "47"]
[EventDate "2016.07.09"]
[EventType "swiss"]
[EventRounds "9"]
[EventCountry "GER"]
[SourceTitle "CBM 173 Extra"]
[Source "ChessBase"]
[SourceDate "2016.08.29"]
[SourceVersion "1"]
[SourceVersionDate "2016.08.29"]
[SourceQuality "1"]

1. e4 c5 2. Nf3 e6 3. d4 cxd4 4. Nxd4 Nc6 5. Nc3 Qc7 6. Be3 a6 7. Qd2 Nf6 8. 0-0-0 Be7 9. f3 b5 10. g4 Nxd4 11. Bxd4 Bb7 12. g5 Nh5 13. Be5 Qxe5 14. Qxd7+ Kf8 15. Qxb7 Qb8 16. Qxb8+ Rxb8 17. h4 h6 18. gxh6 Rxh6 19. Ne2 Rd8 20. Rxd8+ Bxd8 21. Kd2 Ke7 22. f4 Bb6 23. Rh2 Nf6 24. Bg2 1/2-1/2